000 00863nam a2200205Ii 4500
003 JO-AjNU
008 230605s9999||||xx |||||||||||||| ||und||
040 _aJO-AjNU
_bara
_erda
_cJO-AjNU
041 _aara
050 1 4 _aHG4026.H37 2018
100 3 _aالحريري، محمد سرور,
_eauthor
_958057
245 0 0 _aالاداره الماليه الحديثه والمتقدمه بتطبيق منهج البحث العلمي للدراسات العليا في الادارة المالية المتقدمة
250 _aط1
264 3 1 _aعمان: دار المنهجيه، 2018
300 _a192ص
336 _atext
_btxt
_2rdacontent
337 _aunmediated
_bn
_2rdamedia
338 _avolume
_bnc
_2rdacarrier
650 4 _aادارة الاعمال - الاداره الماليه الحديثه والمتقدمة - البحث العلمي
_958058
999 _aA26052
_c29620
_d29620